Normal view
MARC view
Entry Personal Name
001 - CONTROL NUMBER
- control field: 15670
003 - CONTROL NUMBER IDENTIFIER
- control field: OSt
005 - DATE AND TIME OF LATEST TRANSACTION
- control field: 20220201113718.0
008 - FIXED-LENGTH DATA ELEMENTS
- fixed length control field: 220201|| aca||aabn | a|a d
040 ## - CATALOGING SOURCE
- Original cataloging agency: OSt
- Transcribing agency: OSt
100 ## - HEADING--PERSONAL NAME
- Personal name: Ogden,Joseph P ;Jen Frank C
670 ## - SOURCE DATA FOUND
- Source citation: Work cat.: (OSt): Ogden,Joseph P ;Jen Frank C, Advanced Corporate Finance:, 2002
